| 000 | 00450nam a22001697a 4500 | ||
|---|---|---|---|
| 999 |
_c7052 _d7052 |
||
| 003 | OSt | ||
| 005 | 20190122171509.0 | ||
| 008 | 190122b ||||| |||| 00| 0 eng d | ||
| 040 | _cDLC | ||
| 082 |
_a230 _bR495T |
||
| 100 | _aRice, John R. | ||
| 245 |
_aTwelve Tremendous Themes / _cJohn R. Rice. |
||
| 260 |
_aWheaton, Illinois ; _bSword of the Lord Publishers , _cc1943. |
||
| 300 | _a177 p.: | ||
| 650 | _ainterpretation of Bible | ||
| 942 |
_2ddc _cBK |
||